Fashion Brands - Sudden Death - Statistics

General Stats
  • This quiz has been taken 2,040 times
    675 since last reset
  • The average score is 17 of 25
Answers on the Grid
Answers color-coded by a green-red scale on the quiz's grid according to % correct below.
Chanel
Dior
Rimmel
Versace
Charlotte Tilbury
Armani
Prada
Gucci
Oriflame
Yves Saint Laurent
Chevron
Tom Ford
Acqua di Parma
Fendi
Hermès
Sephora
Clarins
Dolce & Gabbana
Rexona
Givenchy
Lancôme
Hugo Boss
Unilever
Burberry
Shiseido
Louis Vuitton
Ralph Lauren
Kenzo
Balenciaga
Chloé
Lacoste
L'Oréal
Calvin Klein
Pierre Cardin
Garnier
Bottega Veneta
Uniqlo
Zara
Clinique
 
Answer Stats
Answer % Correct
Chanel
93%
Dior
88%
Versace
86%
Prada
84%
Gucci
81%
Armani
76%
Yves Saint Laurent
76%
Hermès
73%
Dolce & Gabbana
72%
Louis Vuitton
72%
Ralph Lauren
69%
Calvin Klein
68%
Fendi
68%
Balenciaga
67%
Burberry
67%
Lacoste
65%
Tom Ford
65%
Givenchy
64%
Hugo Boss
63%
Zara
62%
Bottega Veneta
53%
Uniqlo
47%
Kenzo
45%
Pierre Cardin
44%
Chloé
42%
No matching quizzes found
Score Distribution
Percent of People with Each Score
Percentile by Number Answered
Your Score History
You have not taken this quiz since the last reset